000 00955nam a22001817a 4500
999 _c61119
_d61119
005 20231220160618.0
008 231220s1959 ru ||||| |||| 00| 0 rus d
041 _arus
080 _a902.6 П-78
245 _aПроблемы истории Северного Причерноморья в античную эпоху /
_cРедактор: А. П. Смирнов; Академия наук СССР институт истории материальной культуры.
264 _aМосква:
_bИздательство академии наук СССР,
_c1959.
300 _a303 с.
_b21 см.
653 _aშავი ზღვის რეგიონი
653 _aისტორია
700 _aСмирнов, А. П.
_eრედაქტორი
_920811
710 _aАкадемия наук СССР
_dИнститут истории материальной культуры.
_920812
942 _2udc
_cᲬᲘᲒᲜᲘ